000 00856nam a2200277 a 4500
001 000014222
005 20200929163528.0
008 091207s2001 sp a 000 f spa d
020 _a8466303782
040 _aDO-SdBNP
_bspa
_cBNPHU
041 1 7 _aspa
_heng
_2Código de idioma MARC
082 _a813.5
_bP844b
100 1 _aPorter, Bruce,
_932134
240 1 0 _aBlow.
_lEspañol
245 1 0 _aBlow /
_cBruce Porter ; traducción de Eduardo Iriarte.
260 _a[Madrid] :
_bSuma de Letras,
_c2001.
300 _a496, [13] p. :
_bil. ;
_c18 cm.
490 1 _aPunto de lectura
_v211
534 _pTítulo original en inglés:
_tBlow
_c1993
650 4 _aNovela estadounidense
_9262
650 4 _aLiteratura estadounidense
_9263
700 1 _aIriarte, Eduardo,
_etr.
_932135
830 0 _aPunto de lectura ;
_v211
_93047
910 _aWM
049 _aBNGR
999 _c13821
_d13821